| 000 | 00400pam a2200169 a 4500 | ||
|---|---|---|---|
| 020 |
_a978-1621452706 _c |
||
| 041 | _h | ||
| 082 | _a641.5638 | ||
| 100 |
_aLIZ VACCARIELLO _eAuthor |
||
| 245 |
_a21-DAY TUMMY DIET COOKBOOK _cLIZ VACCARIELLO _hTextual Documents |
||
| 250 | _a5th | ||
| 260 | _bREADERS DIGEST | ||
| 300 | _a312 | ||
| 653 | _aFOOD PRODUCTION | ||
| 700 | _eCo-Author | ||
| 930 | _a46 | ||
| 999 |
_c242678 _d242678 |
||